1878 1211 1953 1930 1471 1669 1346 1340 1163 1838 1917 1695 1238 2000 1168 1857 1307 1320 1908 1391 1937 1771 1059 1856 1199 1374 1562 1410 1153 1177 1856 1368 1102 1422 1939 1387 1874 1158 1270 1156 1707 1586 1599 1068 1405 1074 1280 1423 1130 1392 1659 1945 1939 1466 1115 1678 1152 1090 1258 1504 1404 1925 1019 1067 1193 1219 1239 1385 1265 1385 1474 1203 1326 1378 1452 1248 1460 1541 1520 1630 1066 1565 1013 1483 1802 1660 1932 1904 1157 1843 1164 1465 1263 1103 1614 1496 1583 1987 1010 BCNSPRNW ULIB Ver.6.0+V

เปลี่ยนเป็นภาษาไทย

Change to English
 แสดงรายละเอียดบรรณานุกรม
  กลับหน้าหลัก

Brief Record : Get Marc (ISO 2709) : E-mail record : QR code < ปิดหน้าต่าง
LEADER : 00000nam 2200000uu 4500
001    13399123363
003     ULIB
008    020711s2555 th a 000 0 tha d
099    วจ.WA546^bว111ค
110    วิทยาลัยพาบาลบรมราชชนนีสวรรยค์ประชารักษ์ นครสวรรค์
245    ความสามารถในการจัดการบริการ(Managed Care)เพื่อการสร้างเสริมสุขภาพ ในชุมชนของบุคลาการสาธารณสุขที่ปฏิบัติงานในสถานบริการปฐมภูมิของเขตรับผิดชอบของสำนักงานหลักประกันสุขภาพแห่งชาติ เขต 3 นครสวรรค์/^cวิทยาลัยพาบาลบรมราชชนนีสวรรยค์ประชารักษ์ นครสวรรค์,สำนักหลักประกันสุขภาพแห่งชาติ เขต 3 นครสวรรค์
260    นครสวรรค์ :^bวิทยาลัยพาบาลบรมราชชนนีสวรรยค์ประชารักษ์ นครสวรรค์,^c2555
300    43 หน้า
650    การจัดบริการ
710    สำนักหลักประกันสุขภาพแห่งชาติ เขต 3 นครสวรรค์
945    ^p0^l0^i20441
รายการนี้ยังไม่มีแท็ก
คุณยังไม่ได้ล็อกอิน คุณสามารถมีกิจกรรมร่วมกับเว็บไซต์ได้ แต่ต้องล็อกอินก่อน ::
  ล็อกอิน

รายการสื่อสารสนเทศ

ลำดับที่ ประเภท เลขเรียก/บาร์โค้ด สถานที่ สถานะ
1. งานวิจัย
งานวิจัย
วจ.WA546 ว111ค ฉ.1 
  Barcode: 20441
ห้องสมุดวิทยาเขตนครสวรรค์
►วิจัย:l:Research Room
บนชั้น

รายการใกล้เคียง
    หัวเรื่อง [การจัดบริการ]

BibComment


ยังไม่เคยถูกคอมเมนท์

คอมเมนท์ทรัพยากรรายการนี้
  คอมเมนท์: ความสามารถในการจั..


 Copyright 2026. Bcnsprnw @Library